| 000 | 00743nam a2200289Ia 4500 | ||
|---|---|---|---|
| 005 | 20260324125224.0 | ||
| 008 | 008 260324s9999 xx 000 0 eng d | ||
| 020 | _a9780203864388 | ||
| 037 | _aEBOOK | ||
| 040 | _aCRL | ||
| 040 | _beng | ||
| 040 | _cCRL | ||
| 041 | _2eng | ||
| 041 | _aeng | ||
| 084 | _qCRL | ||
| 100 |
_aDaphne Gutteridge; Vivien Smith _91177163 |
||
| 245 | 0 | _aCreating an Emotionally Healthy Classroom | |
| 245 | 0 | _bPractical and Creative Literacy and Art Resources for Key Stage 2 | |
| 260 | _bTaylor and Francis | ||
| 260 | _c2009 | ||
| 365 | _a | ||
| 365 | _b205 | ||
| 856 | _uhttp://www.taylorfrancis.com/books/9780203864388 | ||
| 942 | _cEBOOK | ||
| 999 |
_c1772214 _d1772214 |
||